Normal view
MARC view
Entry Topical Term
001 - CONTROL NUMBER
- control field: 5411
003 - CONTROL NUMBER IDENTIFIER
- control field: OSt
005 - DATE AND TIME OF LATEST TRANSACTION
- control field: 20220507074831.0
008 - FIXED-LENGTH DATA ELEMENTS
- fixed length control field: 220507|| aca||aabn | a|a d
040 ## - CATALOGING SOURCE
- Original cataloging agency: OSt
- Transcribing agency: OSt
150 ## - HEADING--TOPICAL TERM
- Topical term or geographic name entry element: Descriptive cataloging
- General subdivision: Standards
670 ## - SOURCE DATA FOUND
- Source citation: Work cat.: (OSt)0: Oliver, Chris, 1951- 5408, Introducing RDA :, 2010.